| 000 | 00448nam a2200157 a 4500 | ||
|---|---|---|---|
| 020 | _a0852295111 | ||
| 040 | _cDLC | ||
| 082 | 0 | 0 | _a031 ENC 1990 A119 Or. |
| 245 | 0 | 4 | _aThe New Encyclopaedia Britannica. |
| 250 | _a15th ed. | ||
| 260 |
_aChicago, Ill. : _bEncyclopaedia Britannica, _cc1990. |
||
| 300 |
_a32 v. : _bill. (some col.) ; _c29 cm. |
||
| 650 | 0 | _aEncyclopedias and dictionaries. | |
| 710 | 2 | _aEncyclopaedia Britannica, inc. | |
| 942 | _cEK | ||
| 999 |
_c16793 _d16793 |
||